00725nam a2200181Ia 4500003000900000008004100009020002600050040001600076100003100092245004600123260003200169300002000201490003300221856010300254942000700357999001700364952016200381IN-BaIIA211028s9999 xx s 000 0 eng d a9780892527359 (Print) cIIA Library aFriesem, Asher, ed.941230 0a1986 Intl Optical Computing Confh[eBook] aWashington, USAbSPIEc1987 aOnline resource aProceedings of SPIE; V. 0700 uhttps://www.spiedigitallibrary.org/conference-proceedings-of-spie/0700yClick Here to Access eBook cEB c22604d22604 00104070aBANbBANd2011-07-01eSPIEhV. 700l0pEB2064r2021-11-05uhttps://www.spiedigitallibrary.org/conference-proceedings-of-spie/0700w2021-11-05yEB